00339nam a2200121 a 450000500170000000800410001702000180005805000220007610000200009824500500011826000400016830000090020820140412111325.0110128s19uu xx 00 eng d a0-671-73564-0 aTR(PS EbOn2 1991 aCutler, Solomon aOne Hundred Monkeys /cDaniel Solomon Cutler. aU.S.A :bSimon and Schuster,c1991. aunp.